مكتبة جامعة عجلون الوطنية

فهرس بحث المكتبة

Normal view MARC view
  • المحاسبة - المستشفيات -الفنادق

Entry Topical Term

Number of records used in: 1

001 - CONTROL NUMBER

  • control field: 51170

003 - CONTROL NUMBER IDENTIFIER

  • control field: JO-AjAnu

005 - DATE AND TIME OF LATEST TRANSACTION

  • control field: 20230606082423.0

008 - FIXED-LENGTH DATA ELEMENTS

  • fixed length control field: 230606|| aca||aabn | a|a d

040 ## - CATALOGING SOURCE

  • Original cataloging agency: JO-AjAnu
  • Transcribing agency: JO-AjAnu

150 ## - HEADING--TOPICAL TERM

  • Topical term or geographic name entry element: المحاسبة - المستشفيات -الفنادق

670 ## - SOURCE DATA FOUND

  • Source citation: Work cat.: (JO-AjAnu)26153: تأليف: زكي،حسن سليمان، م.مشارك: احمد يحيى عياصرة, author 51169, المحاسبة في المستشفيات والفنادق